Normal view
MARC view
- Fatima, Sabeen
Entry Personal Name
001 - CONTROL NUMBER
- control field: 17123
003 - CONTROL NUMBER IDENTIFIER
- control field: NUST
005 - DATE AND TIME OF LATEST TRANSACTION
- control field: 20190709054433.0
008 - FIXED-LENGTH DATA ELEMENTS
- fixed length control field: 190709|| aca||aabn | a|a d
040 ## - CATALOGING SOURCE
- Original cataloging agency: NUST
- Transcribing agency: NUST
100 ## - HEADING--PERSONAL NAME
- Personal name: Fatima, Sabeen
670 ## - SOURCE DATA FOUND
- Source citation: Work cat.: (NUST): Fatima, Sabeen, Synthesis of Metal co-Doped BiFeO3 Nanohybrids with Graphene Oxide (GO) and Graphene Nanoplatelets (GNPs) for Photocatalytic Application /, 2017.
